[Event "Match"]
[Site "www.echecsemail.com"]
[Date "2015.09.05"]
[Round "1"]
[White "Ruko"]
[Black "Tictac"]
[WhiteElo "1970"]
[BlackElo "1499"]
[Result "0-1"]
[Round "1"]
1.e4 c5
2.Ng1f3 d6
3.d4 cxd4
4.Nf3xd4 Ng8f6
5.Nb1c3 a6
6.Bc1e3 e5
7.Nd4b3 Bc8e6
8.f3 h5
9.Qd1d2 Nb8d7
10.O-O-O Bf8e7
11.h3 b5
12.Bf1e2 Nd7b6
13.g4 Nb6c4
14.Be2xc4 bxc4
15.Nb3a1 Ra8b8
16.g5 Nf6d7
17.h4 O-O
18.Rd1g1 g6
19.Nc3d5 Be6xd5
20.Qd2xd5 Qd8c7
21.c3 Rb8b5
22.Qd5d1 Rf8b8
23.Rh1h2 Qc7a5
24.a3 Rb5xb2
25.Rh2xb2 Qa5xc3
{ resign }
0-1

[Event "Match"]
[Site "www.echecsemail.com"]
[Date "2015.09.05"]
[Round "1"]
[White "Micheles"]
[Black "Jhw"]
[WhiteElo "2530"]
[BlackElo "1779"]
[Result "1-0"]
[Round "1"]
1.d4 e6
2.Ng1f3 c5
3.e4 Qd8b6
4.d5 d6
5.Bf1d3 exd5
6.exd5 g6
7.O-O Bf8g7
8.Rf1e1 Ng8e7
9.Qd1e2 Bg7f6
10.Bc1h6 Qb6xb2
11.Nb1d2 Qb2xa1
12.Re1xa1 Bf6xa1
13.Nd2e4 Kd7
14.Qe2d1 Ba1e5
15.Nf3xe5 dxe5
16.Ne4xc5 Kd6
17.Nc5e4 Kxd5
18.Bd3e2 Ke6
19.Qd1d6 Kf5
20.Ne4g3 { resign }
1-0

[Event "Match"]
[Site "www.echecsemail.com"]
[Date "2015.09.05"]
[Round "1"]
[White "Whitekknight"]
[Black "Darknight"]
[WhiteElo "1940"]
[BlackElo "1590"]
[Result "1-0"]
[Round "1"]
1.e4 e5
2.Ng1f3 d6
3.h3 h6
4.Bf1c4 Ng8f6
5.Nb1c3 c6
6.d4 exd4
7.Nf3xd4 Qd8e7
8.Bc4d3 d5
9.O-O Qe7e5
10.Nd4f3 Qe5d6
11.e5 Qd6d8
12.exf6 Qd8xf6
13.Qd1e2 Bc8e6
14.Rf1e1 Nb8d7
15.Bc1e3 g5
16.g4 Qf6g7
17.Nf3h2 Bf8d6
18.Nh2f1 d4
19.Nc3e4 Ke7
20.Be3d2 a5
21.Nf1g3 f6
22.Ne4xd6 Nd7e5
23.Nd6f5 Be6xf5
24.Ng3xf5 Kf7
25.Nf5xg7 Kxg7
26.Qe2e4 h5
27.Qe4f5 Rh8h6
28.Re1xe5 fxe5
29.Qf5xg5 { resign }
1-0

[Event "Match"]
[Site "www.echecsemail.com"]
[Date "2015.09.05"]
[Round "1"]
[White "Mitja"]
[Black "Bojan"]
[WhiteElo "1910"]
[BlackElo "1940"]
[Result "0-1"]
[Round "1"]
1.d4 g6
2.c3 Bf8g7
3.Ng1f3 d5
4.h3 f6
5.Nb1d2 Qd8d6
6.Nd2b3 Nb8c6
7.Nb3c5 e5
8.Nc5b3 e4
9.Nf3h2 Bc8e6
10.Bc1e3 f5
11.Qd1d2 b6
12.Be3f4 Qd6e7
13.Bf4g5 Qe7d7
14.Bg5f4 a5
15.f3 Ng8f6
16.fxe4 Nf6xe4
17.Qd2d3 a4
18.Nb3d2 Nc6a5
19.Nd2xe4 dxe4
20.Qd3c2 Na5c4
21.e3 Bg7f6
22.Bf1xc4 Be6xc4
23.Kf2 Bf6h4
24.Kg1 Qd7e7
25.Nh2f1 c5
26.g3 Bh4f6
27.g4 h6
28.Kg2 h5
29.Nf1h2 hxg4
30.hxg4 b5
31.b3 Bc4d3
32.Qc2f2 cxd4
33.cxd4 Bf6h4
34.Bf4g3 Ra8c8
35.Ra1c1 Kf7
36.Qf2f4 Bh4xg3
37.Kxg3 Qe7e6
38.Rc1c7 Rc8xc7
39.Qf4xc7 Kf6
40.Kf4 g5
41.Kg3 Rh8c8
42.Qc7h7 f4
43.Kh3 Rc8g8
44.Nh2f1 axb3
45.axb3 Qe6xb3
46.exf4 gxf4
47.Qh7h6 Ke7
48.Nf1d2 Qb3f7
49.Rh1c1 Rg8g6
50.Rc1c7 Kd6
51.Rc7xf7 Rg6xh6
52.Kg2 f3
53.Kg3 Ke6
54.Rf7g7 Rh6f6
55.Kf2 Rf6f8
56.Rg7g5 Kd6
57.Rg5g7 Kc6
58.g5 Rf8e8
59.Ke1 Bd3e2
60.g6 e3
61.Nd2xf3 Be2xf3
62.Rg7f7 Bf3d5
63.Rf7f6 Kc7
64.g7 Re8g8
{ resign }
0-1

[Event "Match"]
[Site "www.echecsemail.com"]
[Date "2015.09.05"]
[Round "1"]
[White "Gilliere"]
[Black "Gambitmiau"]
[WhiteElo "1790"]
[BlackElo "1890"]
[Result "1-0"]
[Round "1"]
1.e4 Nb8c6
2.d4 d5
3.exd5 Qd8xd5
4.Ng1f3 Bc8g4
5.c3 Bg4xf3
6.Qd1xf3 Qd5xf3
7.gxf3 O-O-O
8.Bf1g2 e5
9.dxe5 Nc6xe5
10.O-O Bf8c5
11.Bc1e3 Bc5e7
12.Nb1d2 f5
13.f4 Ne5d3
14.Ra1b1 Ng8h6
15.Bg2f3 g5
16.fxg5 Rh8g8
17.h4 f4
18.Be3d4 Nh6f5
19.Bf3g4 Kb8
20.Bg4xf5 h6
21.Bf5xd3 hxg5
22.h5 Rd8d6
23.Bd3g6 g4
24.Nd2e4 Rd6xg6
25.hxg6 Rg8xg6
26.Kg2 f3
27.Kg3 b6
28.Rf1h1 c5
29.Rh1h8 Kb7
30.Bd4e3 Ka6
31.Rb1h1 Rg6e6
32.Ne4d2 Be7d6
33.Kxg4 { resign }
1-0

[Event "1/64 Finale"]
[Site "www.chess-mail.com"]
[Date "2015.09.05"]
[Round "1"]
[White "Attatroll"]
[Black "Llord"]
[WhiteElo "1900"]
[BlackElo "1870"]
[Result "0-1"]
[Round "1"]
1.d4 e6
2.c4 d5
3.Ng1f3 Ng8f6
4.Bc1f4 Bf8b4
5.Nb1c3 Nf6e4
6.Qd1c2 dxc4
7.e3 Nb8c6
8.Bf1xc4 Ne4d6
9.Bc4b3 Nd6b5
10.O-O Nb5xc3
11.bxc3 Bb4e7
12.Ra1b1 O-O
13.Nf3e5 Nc6xe5
14.Bf4xe5 Be7f6
15.Be5xf6 Qd8xf6
16.Qc2e4 c6
17.Bb3c2 g6
18.a4 c5
19.Qe4e5 Qf6xe5
20.dxe5 f5
21.exf6 Rf8xf6
22.Bc2e4 Ra8b8
23.Rf1d1 b6
24.Rd1d8 Kf7
25.a5 Ke7
26.Rb1d1 bxa5
27.Be4c6 e5
28.Rd8e8 Kf7
29.Rd1d7 Bc8xd7
30.Re8xb8 Rf6xc6
{ resign }
0-1

[Event "1/128 Finale"]
[Site "www.chess-mail.com"]
[Date "2015.09.05"]
[Round "1"]
[White "Mitja"]
[Black "Gatrooper"]
[WhiteElo "1930"]
[BlackElo "1450"]
[Result "1-0"]
[Round "1"]
1.d4 d5
2.e3 a6
3.h3 h6
4.Ng1f3 Nb8c6
5.c3 Ng8f6
6.Nb1d2 e6
7.Nd2b3 Nf6e4
8.Nf3d2 Qd8f6
9.Nd2xe4 dxe4
10.Nb3d2 Qf6f5
11.g4 Qf5h7
12.Bf1g2 f5
13.gxf5 Qh7xf5
14.Bg2xe4 Qf5f7
15.Rh1g1 Bf8e7
16.Be4g6 Qf7xg6
17.Rg1xg6 Bc8d7
18.Rg6xg7 O-O-O
19.Nd2c4 Be7h4
20.Qd1g4 Bh4g5
21.Bc1d2 b5
22.Nc4e5 Nc6xe5
23.dxe5 Rd8f8
24.Qg4g2 c6
25.O-O-O Bg5h4
26.Rd1f1 a5
27.f4 h5
28.Bd2e1 Bh4d8
29.a3 Bd7e8
30.Rf1g1 Be8f7
31.Qg2xc6 Bd8c7
32.Be1h4 b4
33.Bh4e7 Bf7e8
34.Qc6c5 Rf8f7
35.Rg7xf7 Be8xf7
36.Rg1g7 Bf7e8
37.Be7d6 Rh8f8
38.Qc5xc7 { resign }
1-0

[Event "Fast Game"]
[Site "www.echecsemail.com"]
[Date "2015.09.05"]
[Round "1"]
[White "Mitja"]
[Black "Bojan"]
[WhiteElo "1730"]
[BlackElo "1640"]
[Result "0-1"]
[Round "1"]
1.d4 d5
2.e3 Ng8f6
3.h3 Bc8f5
4.Bf1d3 Qd8d7
5.Bd3xf5 Qd7xf5
6.Ng1f3 Nf6e4
7.Nb1d2 Qf5g6
8.O-O e6
9.Nd2xe4 dxe4
10.Nf3h2 h5
11.Rf1e1 Bf8d6
12.a3 Nb8c6
13.c3 Nc6e7
14.Nh2f1 O-O
15.Nf1g3 h4
16.Ng3f1 f5
17.f4 Qg6h6
18.Nf1h2 g5
19.fxg5 Qh6xg5
20.Bc1d2 Rf8f7
21.Re1e2 Ne7d5
22.Qd1e1 Nd5b6
23.Ra1d1 Nb6c4
24.Bd2c1 Rf7g7
25.Qe1f1 Qg5g3
{ resign }
0-1

[Event "Tourn. n8340"]
[Site "www.chess-mail.com"]
[Date "2015.09.06"]
[Round "1"]
[White "Biagio"]
[Black "Karousek"]
[WhiteElo "2110"]
[BlackElo "2250"]
[Result "0-1"]
[Round "1"]
1.e4 c5
2.d4 cxd4
3.c3 dxc3
4.Nb1xc3 Nb8c6
5.Ng1f3 d6
6.Bf1c4 e6
7.O-O Ng8f6
8.Qd1e2 Bf8e7
9.Rf1d1 e5
10.h3 O-O
11.Bc1e3 Bc8e6
12.Bc4xe6 fxe6
13.Ra1c1 h6
14.Qe2c4 Qd8d7
15.b4 Ra8c8
16.Qc4b3 Kh8
17.b5 Nc6a5
18.Qb3b1 Na5c4
 { time }
0-1

[Event "Tourn. n8374"]
[Site "www.chess-mail.com"]
[Date "2015.09.06"]
[Round "1"]
[White "Culiflori"]
[Black "Louis"]
[WhiteElo "1970"]
[BlackElo "1840"]
[Result "0-1"]
[Round "1"]
1.e4 e5
2.Ng1f3 Nb8c6
3.Bf1c4 Ng8f6
4.Nb1c3 Nf6xe4
5.Bc4xf7 Kxf7
6.Nc3xe4 d5
7.Ne4g3 e4
8.Nf3g1 Bf8c5
9.Ng1e2 Rh8e8
10.O-O Kg8
11.d3 exd3
12.Qd1xd3 Nc6e5
13.Qd3c3 Bc5d6
14.Rf1e1 c6
15.Bc1e3 Qd8e7
16.Ne2d4 Bd6b4
17.Qc3b3 Bb4xe1
18.Ra1xe1 Ne5c4
19.Be3d2 Qe7xe1
20.Bd2xe1 Re8xe1
21.Ng3f1 Nc4d2
{ resign }
0-1

[Event "Tourn. n8298"]
[Site "www.chess-mail.com"]
[Date "2015.09.06"]
[Round "1"]
[White "Libiesse"]
[Black "Ssharp"]
[WhiteElo "2020"]
[BlackElo "2130"]
[Result "0-1"]
[Round "1"]
1.d4 Ng8f6
2.c4 e6
3.Ng1f3 d5
4.Nb1c3 c6
5.cxd5 exd5
6.Bc1g5 Bf8e7
7.e3 Bc8g4
8.Bf1e2 Nb8d7
9.O-O h6
10.Bg5h4 Nf6e4
11.Bh4xe7 Qd8xe7
12.a3 O-O
13.Ra1c1 f5
14.b4 a6
15.h3 Bg4xf3
16.Be2xf3 Nd7f6
17.Qd1c2 Rf8f7
18.Nc3a4 Ra8f8
19.Na4c5 g5
20.Nc5d3 g4
21.hxg4 fxg4
22.Bf3e2 h5
23.Nd3e5 Rf7g7
24.Ne5xc6 bxc6
25.Qc2xc6 Ne4d2
26.Rf1d1 Nd2f3
27.Be2xf3 gxf3
28.g3 h4
29.Rc1c2 hxg3
30.fxg3 Qe7xe3
31.Kf1 Rg7xg3
32.Rc2f2 Rg3h3
33.Kg1 Qe3g5
{ resign }
0-1

[Event "Tourn. n8309"]
[Site "www.chess-mail.com"]
[Date "2015.09.06"]
[Round "1"]
[White "Gatrooper"]
[Black "Huw"]
[WhiteElo "1460"]
[BlackElo "999"]
[Result "0-1"]
[Round "1"]
1.e4 e5
2.a3 Ng8f6
3.Nb1c3 Nb8c6
4.h3 d5
5.exd5 Nf6xd5
6.Nc3xd5 Qd8xd5
7.Ng1f3 Bf8c5
8.d3 O-O
9.c4 Qd5d8
10.Bc1e3 Bc5d4
11.Be3xd4 exd4
12.h4 Bc8g4
13.Bf1e2 Rf8e8
14.O-O Bg4xf3
15.Be2xf3 Qd8xh4
16.g3 Qh4f6
17.Bf3xc6 Qf6xc6
18.f3 Re8e3
19.b4 Qc6e6
20.Qd1d2 Re3e2
21.Ra1e1 Re2xd2
22.Re1xe6 fxe6
23.a4 Rd2xd3
24.Rf1c1 Rd3xf3
25.Kh2 d3
26.Rc1d1 e5
27.Kg2 Ra8f8
28.g4 Rf3f2
29.Kg3 Rf8f3
30.Kh4 h6
31.Kh5 Rf2h2
32.Kg6 Rf3f6
{ resign }
0-1

[Event "Tourn. n8367"]
[Site "www.chess-mail.com"]
[Date "2015.09.06"]
[Round "1"]
[White "Falcoale"]
[Black "Bojan"]
[WhiteElo "1940"]
[BlackElo "1970"]
[Result "0-1"]
[Round "1"]
1.e4 e5
2.Ng1f3 d6
3.h3 a6
4.d4 exd4
5.Nf3xd4 g6
6.Nb1c3 Bf8g7
7.Bc1e3 Bc8d7
8.Bf1d3 Nb8c6
9.O-O Nc6xd4
10.Ra1b1 Qd8h4
11.Nc3e2 Nd4xe2
12.Qd1xe2 Ng8e7
13.Be3f4 Qh4xf4
14.g3 Qf4h6
15.f4 Bd7xh3
16.Rf1f2 Bg7d4
17.c3 Bd4xf2
18.Qe2xf2 Bh3g4
19.Qf2d4 O-O
20.f5 f6
21.Qd4c4 Kg7
22.Qc4xc7 Qh6e3
23.Kf1 Bg4h3
{ resign }
0-1

[Event "Tourn. n8356"]
[Site "www.chess-mail.com"]
[Date "2015.09.06"]
[Round "1"]
[White "Guidom"]
[Black "Francesco"]
[WhiteElo "2210"]
[BlackElo "2000"]
[Result "1-0"]
[Round "1"]
1.e4 c6
2.d4 d5
3.exd5 cxd5
4.c3 Bc8f5
5.Ng1f3 Ng8f6
6.Bf1b5 Nb8c6
7.Nf3e5 Qd8b6
8.Bb5xc6 bxc6
9.O-O e6
10.Qd1a4 Ra8c8
11.Nb1d2 Bf8d6
12.Nd2f3 O-O
13.b4 Nf6e4
14.Ne5d7 Qb6c7
15.Nd7xf8 Ne4xc3
16.Qa4a6 Kxf8
17.Bc1d2 Nc3e2
18.Qa6xe2 { resign }
1-0

[Event "Tourn. n8353"]
[Site "www.chess-mail.com"]
[Date "2015.09.06"]
[Round "1"]
[White "Gatrooper"]
[Black "Iko"]
[WhiteElo "1510"]
[BlackElo "1570"]
[Result "1-0"]
[Round "1"]
1.e4 e5
2.d3 Ng8f6
3.a3 d5
4.exd5 Nf6xd5
5.Ng1f3 Bc8g4
6.Bf1e2 Qd8e7
7.h3 Bg4xf3
8.Be2xf3 Nd5f4
9.Bf3xb7 Nf4xg2
10.Kf1 Ng2h4
11.Bb7xa8 c6
12.Rh1g1 g6
13.Bc1g5 Qe7c7
14.Bg5xh4 Bf8e7
15.Bh4xe7 Kxe7
16.Qd1e2 Nb8a6
17.Ba8xc6 Qc7xc6
18.Qe2xe5 Kd7
19.Qe5xh8 Qc6xc2
20.Qh8d4 Kc6
21.Qd4f6 Kb5
22.Rg1g5 Na6c5
23.Nb1c3 Ka5
24.Rg5xc5 
1-0

[Event "Tourn. n8340"]
[Site "www.chess-mail.com"]
[Date "2015.09.06"]
[Round "1"]
[White "Biagio"]
[Black "Hundegana"]
[WhiteElo "2110"]
[BlackElo "1980"]
[Result "0-1"]
[Round "1"]
1.e4 c5
2.d4 g6
3.Ng1f3 Bf8g7
4.c4 Nb8c6
5.dxc5 Qd8a5
6.Bc1d2 Qa5xc5
7.Nb1c3 e6
8.Bf1e2 Ng8f6
9.O-O O-O
10.a3 a5
11.Bd2e3 Qc5e7
12.Be3f4 Rf8e8
13.Bf4d6 Qe7d8
14.Qd1d3 Qd8b6
15.Nc3a4 Qb6d8
16.e5 Nf6g4
17.Qd3e4 f5
 { time }
0-1

[Event "Tourn. n8328"]
[Site "www.chess-mail.com"]
[Date "2015.09.06"]
[Round "1"]
[White "Passaroa25"]
[Black "Hansen"]
[WhiteElo "1640"]
[BlackElo "1510"]
[Result "1-0"]
[Round "1"]
1.e4 e5
2.Ng1e2 d6
3.Ne2g3 a6
4.Bf1e2 g6
5.d3 Nb8c6
6.c3 Bf8e7
7.Nb1d2 b5
8.b4 a5
9.a3 axb4
10.cxb4 Nc6xb4
11.O-O h5
12.Bc1b2 Be7h4
13.Nd2f3 Bh4xg3
14.fxg3 Ng8f6
15.axb4 Bc8g4
16.Ra1xa8 Qd8xa8
17.Nf3g5 d5
18.Rf1xf6 O-O
19.Bb2xe5 Rf8d8
20.Rf6xf7 dxe4
21.Rf7g7 Kf8
22.Qd1f1 Bg4f5
23.dxe4 h4
24.gxh4 Rd8e8
25.Rg7f7 Kg8
26.exf5 Re8xe5
27.fxg6 Qa8d5
28.h3 Qd5d4
29.Kh1 Qd4xh4
30.Ng5f3 Qh4e4
31.Nf3xe5 Qe4xe5
32.Rf7f8 Kg7
33.Qf1f7 Kh6
34.Qf7h7 Kg5
35.Qh7h5 
1-0

[Event "Tourn. n8333"]
[Site "www.chess-mail.com"]
[Date "2015.09.06"]
[Round "1"]
[White "Falcoale"]
[Black "Johnmcbride"]
[WhiteElo "1890"]
[BlackElo "1790"]
[Result "1-0"]
[Round "1"]
1.e4 e5
2.Ng1f3 d6
3.Bf1c4 h6
4.d4 exd4
5.Nf3xd4 a6
6.Nb1c3 b5
7.Bc4b3 c5
8.Nd4f5 Bc8xf5
9.exf5 Qd8e7
10.Bc1e3 Qe7e5
11.O-O Qe5xf5
12.Nc3d5 Ra8a7
13.c4 Nb8d7
14.Bb3c2 Qf5e5
15.Rf1e1 Ng8e7
16.Be3f4 Qe5xb2
17.Bf4xd6 bxc4
18.Nd5xe7 Qb2f6
19.Ne7g6 { resign }
1-0

[Event "Tourn. n8317"]
[Site "www.chess-mail.com"]
[Date "2015.09.06"]
[Round "1"]
[White "Louis"]
[Black "Iko"]
[WhiteElo "1680"]
[BlackElo "1480"]
[Result "1/2-1/2"]
[Round "1"]
1.e4 e5
2.Nb1c3 Nb8c6
3.Ng1f3 d6
4.d4 Bc8g4
5.Bf1b5 a6
6.Bb5xc6 bxc6
7.dxe5 dxe5
8.Qd1xd8 Ra8xd8
9.Nf3xe5 Rd8d6
10.Ne5xg4 g6
11.O-O h5
12.Ng4e5 f6
13.Ne5xg6 Rh8h7
14.Bc1f4 Rd6d4
15.Ng6xf8 Kxf8
16.f3 f5
17.Ra1d1 Rd4b4
18.Rd1d8 Kg7
19.Rd8d7 Kg6
20.exf5 Kxf5
21.Rd7xh7 Rb4xf4
22.Rh7f7 Kg6
23.Rf7xf4 Kg5
24.g3 h4
25.Rf4g4 Kh5
26.Rg4xh4 Kg5
27.Rh4g4 Kh5
28.Rg4xg8 c5
29.Rf1e1 c6
30.Re1e4 a5
31.Nc3a4 c4
32.Re4xc4 c5
33.Na4xc5 a4
34.Nc5xa4 Kh6
35.Rc4g4 Kh7
36.Na4c5 Kh6
37.Nc5e4 Kh7
38.a4 Kh6
39.b4 Kh5
40.Ne4f6 { draw }
1/2-1/2

[Event "Tourn. n8346"]
[Site "www.chess-mail.com"]
[Date "2015.09.06"]
[Round "1"]
[White "Bojan"]
[Black "Pipas"]
[WhiteElo "1900"]
[BlackElo "1720"]
[Result "1-0"]
[Round "1"]
1.e4 e5
2.Ng1f3 Nb8c6
3.Bf1b5 Bf8d6
4.d4 a6
5.Bb5c4 b5
6.dxe5 Nc6xe5
7.Bc4d5 Ne5xf3
8.Qd1xf3 f6
9.Bd5xa8 c6
10.O-O Bd6e7
11.Bc1f4 d6
12.Nb1c3 Bc8d7
13.Ba8b7 Qd8b6
14.Bb7xc6 Bd7xc6
15.Nc3d5 Qb6d4
16.Nd5c7 Kf7
17.c3 Qd4c4
18.b3  { time }
1-0

[Event "Match"]
[Site "www.echecsemail.com"]
[Date "2015.09.06"]
[Round "1"]
[White "Guidom"]
[Black "Nationadmire"]
[WhiteElo "2190"]
[BlackElo "1809"]
[Result "1-0"]
[Round "1"]
1.e4 c5
2.Ng1f3 g6
3.c4 Nb8c6
4.Nb1c3 d6
5.d3 Bf8g7
6.Bf1e2 Ng8f6
7.O-O O-O
8.a3 Bc8g4
9.Bc1g5 Bg4xf3
10.Be2xf3 Nf6d7
11.Qd1d2 Nc6d4
12.Bf3d1 Rf8e8
13.f4  { time }
1-0

[Event "Match"]
[Site "www.echecsemail.com"]
[Date "2015.09.06"]
[Round "1"]
[White "Manolinex"]
[Black "Fanny33"]
[WhiteElo "2820"]
[BlackElo "2780"]
[Result "1-0"]
[Round "1"]
1.g3 f5
2.d4 Ng8f6
3.Bf1g2 g6
4.b3 Bf8g7
5.Bc1b2 O-O
6.c4 d6
7.Ng1h3 c6
8.O-O Nb8a6
9.Qd1d2 Na6c7
10.Rf1d1 Bc8d7
11.Nh3f4 b5
12.cxb5 Nc7xb5
13.Nb1c3 Qd8b6
14.Ra1c1 Nb5xc3
15.Qd2xc3 Rf8c8
16.e3 e6
17.Nf4d3 a5
18.Bb2a3 Qb6c7
19.Nd3b2 Nf6d5
20.Qc3d2 Ra8a7
21.e4 fxe4
22.Bg2xe4 Nd5b4
23.Be4g2 Ra7b7
24.h4 Rc8f8
25.Nb2c4 Rb7b5
26.Rd1e1 Bd7c8
27.Nc4e3 Qc7f7
28.Re1e2 Qf7a7
29.Ba3xb4 Rb5xb4
30.Rc1xc6 Rb4xd4
31.Qd2c1 Bc8b7
32.Rc6c7 Qa7a6
33.Bg2f1 Qa6b6
34.Bf1h3 d5
35.Bh3xe6 Qb6xe6
36.Rc7xb7 Rd4e4
37.Qc1c7 Qe6f6
38.Qc7xa5 { resign }
1-0

[Event "Match"]
[Site "www.echecsemail.com"]
[Date "2015.09.06"]
[Round "1"]
[White "Pinehill"]
[Black "Llord"]
[WhiteElo "1920"]
[BlackElo "1900"]
[Result "1-0"]
[Round "1"]
1.e4 e5
2.d4 d6
3.Ng1f3 Bc8g4
4.Bf1e2 Nb8c6
5.c3 Ng8f6
6.Bc1g5 Bf8e7
7.O-O Nf6xe4
8.Bg5xe7 Qd8xe7
9.Nb1d2 O-O
10.Nd2xe4 Rf8e8
11.Rf1e1 d5
12.Nf3xe5 Bg4xe2
13.Re1xe2 Nc6xe5
14.Qd1c2 dxe4
15.dxe5 Qe7xe5
16.Ra1e1 Ra8d8
17.h3 g6
18.Re2xe4 Qe5b5
19.c4 Qb5c6
20.Re4xe8 Rd8xe8
21.Re1xe8 Qc6xe8
22.Qc2d2 Kg7
23.Qd2d4 Kg8
24.Qd4xa7 Qe8e1
25.Kh2 Qe1e5
26.g3 Qe5xb2
27.a4 b6
28.Kg2 c6
29.Qa7a8 Kg7
30.Qa8xc6 Qb2d4
31.Qc6d5 Qd4a1
32.Qd5c6 Qa1d4
33.Qc6d5 Qd4xd5
34.cxd5 Kf6
35.f4 Ke7
36.Kf3 Kd6
37.Ke4 f6
38.Kd4 h6
39.g4 Kd7
40.Kc4 Kd6
41.Kb5 { resign }
1-0

[Event "Match"]
[Site "www.echecsemail.com"]
[Date "2015.09.06"]
[Round "1"]
[White "Chapi"]
[Black "Johndyson"]
[WhiteElo "2080"]
[BlackElo "2400"]
[Result "0-1"]
[Round "1"]
1.d4 d5
2.c4 c6
3.cxd5 cxd5
4.Nb1c3 Ng8f6
5.Ng1f3 Nb8c6
6.Bc1g5 Nf6e4
7.Bg5h4 Qd8a5
8.Qd1a4 Qa5xa4
9.Nc3xa4 e5
10.dxe5 Bf8b4
11.Kd1 Bc8d7
12.a3 Bb4e7
13.Bh4xe7 Nc6xe7
14.Na4c3 Ne4xf2
15.Ke1 Nf2xh1
16.g3 O-O-O
17.Ra1c1 Ne7g6
18.Bf1g2 Nh1xg3
19.hxg3 Kb8
20.Nc3xd5 Bd7c6
21.Nd5f4 Bc6xf3
22.exf3 Ng6xe5
23.Nf4h5 Ne5d3
{ resign }
0-1

[Event "Match"]
[Site "www.echecsemail.com"]
[Date "2015.09.06"]
[Round "1"]
[White "Llord"]
[Black "Gilliere"]
[WhiteElo "1870"]
[BlackElo "1790"]
[Result "1-0"]
[Round "1"]
1.e4 e5
2.Ng1f3 d6
3.Nb1c3 Ng8f6
4.Bf1c4 h6
5.d4 exd4
6.Nf3xd4 Nb8d7
7.Nc3d5 Nf6xd5
8.Bc4xd5 Nd7f6
9.O-O Nf6xd5
10.exd5 Bf8e7
11.Qd1f3 O-O
12.Nd4f5 Bc8xf5
13.Qf3xf5 Be7f6
14.c3 Qd8c8
15.Qf5f3 Qc8d7
16.Qf3g3 Kh8
17.Bc1e3 b6
18.Rf1e1 Qd7f5
19.h3 Qf5xd5
20.Re1d1 Qd5b5
21.Ra1b1 Qb5d7
22.c4 Bf6e5
23.Be3f4 Be5xf4
24.Qg3xf4 a5
25.b4 axb4
26.Rb1xb4 Ra8xa2
27.Rb4b3 f5
28.g4 g5
29.Qf4d4 Qd7g7
30.Qd4d3 fxg4
31.hxg4 Ra2xf2
32.Rb3b1 Rf2f3
33.Qd3e2 Rf3f4
34.Rd1f1 Qg7d4
35.Kh1 Rf4xf1
36.Rb1xf1 Kg7
37.Qe2e7 Kg6
38.Qe7xf8 Qd4e4
39.Qf8f3 Qe4xc4
40.Qf3f6 Kh7
41.Qf6e7 Kg6
42.Rf1f6 
1-0

[Event "Fast Game"]
[Site "www.echecsemail.com"]
[Date "2015.09.06"]
[Round "1"]
[White "Stepdedalus"]
[Black "Attatroll"]
[WhiteElo "1599"]
[BlackElo "1760"]
[Result "0-1"]
[Round "1"]
1.d4 f5
2.Nb1c3 Ng8f6
3.Bc1g5 g6
4.Bg5xf6 exf6
5.Qd1d2 Bf8g7
6.Ng1f3 O-O
7.e3 Nb8c6
8.O-O-O { time. }
0-1

[Event "Tourn. n8339"]
[Site "www.chess-mail.com"]
[Date "2015.09.07"]
[Round "1"]
[White "Jpjohnston"]
[Black "Awfen"]
[WhiteElo "1970"]
[BlackElo "1960"]
[Result "0-1"]
[Round "1"]
1.d4 d5
2.Bc1f4 Nb8c6
3.e3 e6
4.a3 Ng8f6
5.Nb1c3 Bf8d6
6.Bf1b5 Bd6xf4
7.Bb5xc6 bxc6
8.exf4 Bc8a6
9.b4 O-O
10.Ng1e2 Nf6g4
11.O-O Qd8h4
12.h3 Ng4f6
13.a4 Ba6c4
14.Rf1e1 Nf6e4
15.Nc3xe4 dxe4
16.Qd1d2 Ra8d8
17.Ra1a3 f6
18.Ra3c3 Bc4d5
19.Rc3c5 e5
20.f5 Qh4h5
21.c4 Bd5f7
22.Ne2g3 Qh5h4
23.Re1xe4 Qh4h6
24.Qd2xh6 gxh6
25.dxe5 fxe5
26.Rc5xc6 Rd8d1
27.Kh2 Rd1d2
28.Re4g4 Kh8
29.Rc6xh6 Rd2xf2
30.f6 Rf8g8
31.Rg4h4 Bf7g6
32.b5 Rf2xf6
33.Ng3e4 Rf6f7
34.Ne4g5 Rf7e7
35.c5 e4
36.Kg1 e3
37.Ng5f3 e2
38.Kf2 Rg8f8
39.Ke1 Kg7
40.Nf3g5 Rf8f1
{ resign }
0-1

[Event "Tourn. n8318"]
[Site "www.chess-mail.com"]
[Date "2015.09.07"]
[Round "1"]
[White "Xkafi"]
[Black "Groz"]
[WhiteElo "1960"]
[BlackElo "1990"]
[Result "1-0"]
[Round "1"]
1.d4 d5
2.Bc1f4 Bc8f5
3.e3 e6
4.Ng1f3 Bf8d6
5.Bf4e5 f6
6.Be5g3 Qd8e7
7.a3 Ng8h6
8.Bf1b5 c6
9.Bb5a4 O-O
10.Nb1d2 Nh6f7
11.Nf3h4 Bf5g6
12.Nh4xg6 hxg6
13.c3 Nb8d7
14.Qd1g4 g5
15.h4 f5
16.Qg4h5 g4
17.Ba4c2 Nd7f6
18.Bg3xd6 Nf7xd6
19.Qh5g6 Qe7f7
20.Qg6g5 Qf7h5
21.Nd2b3 Kf7
22.Nb3c5 Ra8b8
23.Qg5xh5 Nf6xh5
24.Nc5d7 g6
25.b3 b5
26.g3 Rf8d8
27.Nd7xb8 Rd8xb8
28.Bc2d3 a5
29.Bd3e2 Rb8b7
30.Rh1g1 Nd6e4
31.Ra1c1 Ke7
32.f3 gxf3
33.Be2xf3 Nh5f6
34.g4 Kf7
35.gxf5 exf5
36.c4 bxc4
37.bxc4  { time }
1-0

[Event "Tourn. n8346"]
[Site "www.chess-mail.com"]
[Date "2015.09.07"]
[Round "1"]
[White "Pipas"]
[Black "Alessiov"]
[WhiteElo "1720"]
[BlackElo "1610"]
[Result "0-1"]
[Round "1"]
1.e4 e6
2.d4 d5
3.e5 Ng8e7
4.c3 c5
5.a3 Nb8c6
6.Bc1e3 Bc8d7
7.b4 Ne7f5
8.Bf1d3 cxd4
9.Be3f4 dxc3
10.Nb1xc3 g5
11.Bf4d2 Nf5h4
12.Qd1g4 Nc6xe5
 { time }
0-1

[Event "Tourn. n8315"]
[Site "www.chess-mail.com"]
[Date "2015.09.07"]
[Round "1"]
[White "Groz"]
[Black "Xkafi"]
[WhiteElo "1990"]
[BlackElo "1960"]
[Result "0-1"]
[Round "1"]
1.d4 d5
2.Bc1f4 Bc8f5
3.e3 e6
4.Ng1f3 f6
5.Bf1d3 Ng8h6
6.Bf4xh6 gxh6
7.Bd3xf5 exf5
8.Qd1d3 Qd8d7
9.Nb1d2 Rh8g8
10.g3 a6
11.O-O Bf8d6
12.c4 c6
13.Ra1c1 f4
14.exf4 Bd6xf4
15.Rc1e1 Kd8
16.c5 Rg8g6
17.Nf3h4 Rg6g8
18.Nh4f5 Rg8g5
19.Nf5h4 Qd7g4
20.Kh1 Bf4xd2
21.Qd3xd2 a5
22.Qd2e3 Qg4d7
23.Re1e2 Nb8a6
24.Rf1e1 Na6c7
25.Qe3f4 Rg5g8
26.Nh4f5 Rg8e8
27.Re2e7 Re8xe7
28.Re1xe7 Nc7b5
29.Re7xd7 Kxd7
30.Nf5xh6 Ke7
31.Nh6g4 Ra8f8
32.Qf4f5 Nb5xd4
33.Qf5xh7 Rf8f7
34.Qh7h4 Nd4e6
35.Ng4e3 Ne6xc5
36.Qh4f4 Nc5d3
37.Qf4c7 Kf8
 { time }
0-1

[Event "Tourn. n8372"]
[Site "www.chess-mail.com"]
[Date "2015.09.07"]
[Round "1"]
[White "Bojan"]
[Black "Falcoale"]
[WhiteElo "1910"]
[BlackElo "1940"]
[Result "1-0"]
[Round "1"]
1.e4 c5
2.f4 d5
3.e5 e6
4.Ng1f3 Nb8c6
5.d4 cxd4
6.Nf3xd4 a6
7.Bc1e3 Nc6xd4
8.Be3xd4 Bf8b4
9.Nb1d2 Ng8e7
10.c3 Bb4a5
11.Nd2b3 O-O
12.Bf1d3 Ne7c6
13.Bd4c5 Rf8e8
14.Qd1h5 g6
15.Qh5h6 Ba5c7
16.h4 b6
17.Bc5a3 a5
18.Bd3b5 Bc8d7
19.h5 Nc6xe5
20.hxg6 fxg6
21.Qh6xh7 { resign }
1-0

[Event "Tourn. n8298"]
[Site "www.chess-mail.com"]
[Date "2015.09.07"]
[Round "1"]
[White "Guidom"]
[Black "Ssharp"]
[WhiteElo "2070"]
[BlackElo "2130"]
[Result "0-1"]
[Round "1"]
1.e4 e6
2.d4 d5
3.Nb1c3 Bf8b4
4.e5 c5
5.a3 Bb4xc3
6.bxc3 Ng8e7
7.Qd1g4 O-O
8.Ng1f3 Nb8c6
9.Bc1h6 Ne7g6
10.Bh6e3 c4
11.h4 f5
12.Qg4g5 Qd8xg5
13.Nf3xg5 h6
14.Ng5f3 f4
15.Be3d2 Bc8d7
16.Bf1e2 Nc6e7
17.h5 Ng6h8
18.Nf3h4 Kh7
19.g4 fxg3
20.fxg3 Ne7f5
21.Nh4xf5 Rf8xf5
22.g4 Rf5f8
23.Bd2e3 Nh8f7
24.Rh1f1 Nf7g5
25.Be3xg5 Rf8xf1
26.Kxf1 hxg5
27.Kg2 Ra8f8
28.Ra1f1 Rf8xf1
29.Kxf1 g6
30.hxg6 Kxg6
31.Kf2 Kf7
32.Ke1 Ke7
33.Kd1 Bd7a4
34.Kc1 Kd7
35.Kb2 Kc6
36.Be2d1 Kb5
37.Ka2 Ka5
38.Kb2 Ba4e8
39.Ka2 Ka4
40.Kb2 a5
41.Ka2 b5
42.Bd1e2 Be8g6
43.Be2d1 b4
44.cxb4 axb4
45.axb4 Kxb4
46.Kb2 c3
47.Ka2 Kc4
48.Ka3 Bg6e8
49.Bd1e2 Kxd4
50.Kb4 Be8g6
51.Be2d1 Bg6e8
52.Bd1e2 Ke3
53.Be2d3 Kd4
54.Kb3 Be8c6
55.Bd3g6 Bc6b5
56.Bg6f7 Bb5c4
57.Kb4 Kxe5
58.Kxc3 Bc4e2
59.Bf7h5 Kf4
60.Kd4 Be2xg4
61.Bh5f7 Bg4f5
62.c3 g4
{ resign }
0-1

[Event "Tourn. n8345"]
[Site "www.chess-mail.com"]
[Date "2015.09.07"]
[Round "1"]
[White "Ffdd65"]
[Black "Jhw"]
[WhiteElo "2210"]
[BlackElo "2059"]
[Result "1-0"]
[Round "1"]
1.e4 e5
2.d4 Qd8h4
3.dxe5 Qh4xe4
4.Qd1e2 Qe4b4
5.c3 Qb4a5
6.Qe2b5 Qa5xb5
7.Bf1xb5 a6
8.Bb5e2 Bf8c5
9.Ng1f3 Nb8c6
10.O-O b5
11.b4 Bc5b6
12.Bc1f4 h6
13.Nb1d2 g5
14.Bf4g3 Bc8b7
15.Be2d3 Ng8e7
16.Bd3e4 O-O-O
17.Nd2b3 d6
18.exd6 cxd6
19.Ra1d1 d5
20.Be4d3 f6
21.Nf3d4 Nc6xd4
22.Nb3xd4 Ne7c6
23.Bd3f5 Rd8d7
24.Nd4xc6 Bb7xc6
25.Bf5xd7 Bc6xd7
26.Rd1xd5 { resign }
1-0

[Event "Tourn. n8346"]
[Site "www.chess-mail.com"]
[Date "2015.09.07"]
[Round "1"]
[White "Pipas"]
[Black "Mitja"]
[WhiteElo "1720"]
[BlackElo "1770"]
[Result "0-1"]
[Round "1"]
1.e4 d5
2.e5 a6
3.d4 e6
4.c3 c5
5.a3 h6
6.b4 c4
7.a4 b6
8.f4 f5
9.Bc1a3 a5
10.b5 Bf8xa3
11.Nb1xa3 Bc8b7
12.Ng1f3 Ng8e7
13.Bf1e2 Ne7g6
14.g3 Qd8e7
15.h4 Nb8d7
16.h5 Ng6f8
17.Nf3h4 O-O-O
 { time }
0-1